[Event "2MCR_3DE_1L_1S"]
[Site "?"]
[Date "2007.??.??"]
[Round "?"]
[White "Contos, Vaclav"]
[Black "Hybl, Vladislav"]
[Result "1/2-1/2"]
[WhiteElo "2200"]
[BlackElo "2303"]
[Annotator "100"]
[PlyCount "143"]
[EventDate "2007.??.??"]
[EventType "corr"]
[EventRounds "1"]
[SourceDate "2007.01.28"]

1. d4 d5 2. c4 c6 3. Nf3 Nf6 4. e3 e6 5. Nbd2 Nbd7 6. Bd3 Bd6 7. e4 e5 8. cxd5
cxd5 9. exd5 O-O 10. O-O exd4 11. Ne4 Qb6 12. Nxd6 Qxd6 13. Nxd4 Qxd5 14. Nf5
Re8 15. Nd6 Re6 16. Nxc8 Rxc8 17. Be3 a6 18. Re1 Rce8 19. Rc1 b5 20. b3 h6 21.
h3 Qb7 22. Qd2 Ne4 23. Qc2 Ndf6 24. f3 Ng5 25. Bf2 Rxe1+ 26. Rxe1 Rxe1+ 27.
Bxe1 Ne6 28. Bf2 Qd7 29. Bf1 Nd5 30. a4 bxa4 31. bxa4 Nb4 32. Qb3 a5 33. Bb5
Qc7 34. Qc4 Qxc4 35. Bxc4 Nd8 36. Bb6 Nb7 37. Kf2 Kf8 38. Ke3 Ke7 39. Kd4 Nc6+
40. Kc3 Ncd8 41. Bd5 Kd7 42. h4 h5 43. f4 Nd6 44. Bxa5 Ne6 45. Bxe6+ Kxe6 46.
Kd4 Nf5+ 47. Kc5 Nxh4 48. Kc6 Nxg2 49. Bc7 h4 50. a5 Kf5 51. Bb6 h3 52. Bg1 Ne1
53. a6 Nf3 54. a7 Nxg1 55. a8=Q Kg4 56. f5 h2 57. Qh8 Nf3 58. Qxg7+ Kh3 59.
Qh8+ Kg2 60. Qb2+ Kg3 61. Qc1 Ne5+ 62. Kc7 Ng4 63. Qc3+ Kg2 64. Qc6+ Kg3 65.
Qd6+ Kh4 66. Qd8+ f6 67. Kb6 Kg3 68. Qd3+ Kg2 69. Qd5+ Kg3 70. Ka5 Ne3 71. Qe4
Nxf5 72. Kb4 1/2-1/2

[Event "2MCR_3DE_1L_2S"]
[Site "?"]
[Date "2007.??.??"]
[Round "?"]
[White "Prochazka, Dalibor"]
[Black "Pravec, Ladislav"]
[Result "1/2-1/2"]
[WhiteElo "2200"]
[BlackElo "2352"]
[Annotator "102"]
[PlyCount "124"]
[EventDate "2007.??.??"]
[EventType "corr"]
[EventRounds "1"]
[SourceDate "2007.01.28"]

1. e4 c5 2. Nf3 d6 3. d4 cxd4 4. Nxd4 Nf6 5. Nc3 a6 6. g3 e5 7. Nde2 Nbd7 8.
Bg2 b5 9. h3 Bb7 10. g4 b4 11. Nd5 Nxd5 12. exd5 h5 13. c4 bxc3 14. Nxc3 hxg4
15. hxg4 Rxh1+ 16. Bxh1 Rc8 17. Be3 Nc5 18. Qe2 Be7 19. Bf3 Bg5 20. Kf1 Bxe3
21. Qxe3 Qb6 22. Rb1 Ke7 23. Kg2 Nd7 24. Qg5+ Nf6 25. Qd2 Rc4 26. g5 Nd7 27.
Be4 Rd4 28. Qe3 Nc5 29. f3 g6 30. Ne2 Rb4 31. b3 a5 32. Nc3 a4 33. bxa4 Rb2+
34. Rxb2 Qxb2+ 35. Kg3 Ba6 36. Qe1 Bf1 37. Qxf1 Qxc3 38. Qe2 Qc1 39. a5 Qxg5+
40. Kf2 Qc1 41. a4 f5 42. Bd3 Qc3 43. Bb5 Qxa5 44. Qd1 Qc3 45. Qh1 Qd2+ 46. Kg3
Qf4+ 47. Kg2 Qd2+ 48. Kg3 f4+ 49. Kg4 Kd8 50. a5 Qxa5 51. Qh8+ Kc7 52. Qe8 Qb6
53. Qf7+ Kb8 54. Bc6 Ne6 55. Qg8+ Nd8 56. Kg5 Qc7 57. Bb5 Ka7 58. Qxg6 Qe7+ 59.
Kg4 Nb7 60. Bc6 Na5 61. Qc2 Nxc6 62. Qxc6 Qf6 1/2-1/2

[Event "2MCR_3DE_1L_1S"]
[Site "?"]
[Date "2007.??.??"]
[Round "?"]
[White "Ryvova, Anna"]
[Black "Hrdy, Roman"]
[Result "1/2-1/2"]
[WhiteElo "2254"]
[BlackElo "2284"]
[Annotator "101"]
[PlyCount "141"]
[EventDate "2007.??.??"]
[EventType "corr"]
[EventRounds "1"]
[SourceDate "2007.01.28"]

1. d4 Nf6 2. c4 e6 3. Nf3 b6 4. g3 Bb7 5. Bg2 Be7 6. O-O O-O 7. Nc3 Ne4 8. Qc2
Nxc3 9. Qxc3 d6 10. Qc2 f5 11. Ne1 Bxg2 12. Nxg2 c6 13. e4 Qd7 14. exf5 Rxf5
15. b3 Na6 16. Bb2 Nc7 17. f4 Rff8 18. Rfe1 Bf6 19. Rad1 Rad8 20. Ne3 c5 21.
Qg2 a6 22. dxc5 bxc5 23. Bxf6 Rxf6 24. Qb7 d5 25. Ng4 Rff8 26. Qa7 Qd6 27. Nf2
Rf7 28. Ne4 Qf8 29. Ng5 Rfd7 30. cxd5 exd5 31. Rc1 Ne6 32. Nxe6 Rxa7 33. Nxf8
Kxf8 34. Rxc5 d4 35. Re2 d3 36. Rd2 Rd6 37. Kf2 Rad7 38. h4 g6 39. h5 gxh5 40.
Rxh5 h6 41. Kf3 Kg7 42. Re5 Kf7 43. b4 Rb7 44. a3 Rc7 45. Rc5 Re7 46. Rf5+ Kg6
47. Re5 Rc7 48. Rc5 Re7 49. a4 Rb7 50. b5 axb5 51. axb5 Re7 52. g4 Re1 53. Rc3
Rf1+ 54. Kg3 Rg1+ 55. Kh3 Rh1+ 56. Kg2 Rb1 57. Rcxd3 Rxd3 58. Rxd3 Rxb5 59.
Rd6+ Kg7 60. Kg3 Rb3+ 61. Kh4 Rb1 62. Re6 Rb4 63. f5 Rb1 64. Ra6 Rh1+ 65. Kg3
h5 66. Rg6+ Kf7 67. Kg2 Rh4 68. Kf3 hxg4+ 69. Kf4 Rh1 70. Rxg4 Kf6 71. Rg6+
1/2-1/2

[Event "2MCR_3DE_1L_2S"]
[Site "?"]
[Date "2007.??.??"]
[Round "?"]
[White "Janous, Petr"]
[Black "Prochazka, Dalibor"]
[Result "1/2-1/2"]
[WhiteElo "2236"]
[BlackElo "2200"]
[Annotator "103"]
[PlyCount "124"]
[EventDate "2007.??.??"]
[EventType "corr"]
[EventRounds "1"]
[SourceDate "2007.01.28"]

1. e4 e5 2. Nf3 Nc6 3. Bb5 a6 4. Ba4 d6 5. c3 Bd7 6. d4 g6 7. O-O Bg7 8. Re1
Nge7 9. Be3 O-O 10. d5 Nb8 11. Bxd7 Nxd7 12. c4 f5 13. Ng5 f4 14. Bc1 Qc8 15.
Ne6 Rf6 16. Bd2 c5 17. Nc3 Nf8 18. Nxf8 Bxf8 19. Qf3 Bg7 20. Rab1 g5 21. h3 Qe8
22. b4 b6 23. bxc5 dxc5 24. a4 h5 25. a5 bxa5 26. Ra1 Qg6 27. Qd3 g4 28. h4 g3
29. fxg3 f3 30. Kh2 fxg2 31. Bg5 Rf7 32. Na4 Raf8 33. Nxc5 Rf3 34. Qb1 Nc6 35.
Ne6 R8f7 36. Ra2 g1=Q+ 37. Rxg1 Nd4 38. Rb2 Rf2+ 39. Rxf2 Rxf2+ 40. Rg2 Rxg2+
41. Kxg2 Nxe6 42. dxe6 Qxe6 43. Qc2 Qc6 44. Bd2 a4 45. c5 Bf8 46. Qc4+ Kg7 47.
Bb4 Be7 48. Ba3 Kf8 49. Qf1+ Kg8 50. Qd3 Kf8 51. Qc4 a5 52. Kh2 Kg7 53. Qd5 Qc7
54. g4 Qb8 55. Qd7 Qf8 56. Qf5 Qd8 57. Qxe5+ Bf6 58. Qg3 Qd2+ 59. Kh3 Qd7 60.
e5 Be7 61. Qf3 Kh8 62. Kg3 Qd4 1/2-1/2

[Event "2MCR_3DE_1L_3S"]
[Site "?"]
[Date "2007.??.??"]
[Round "?"]
[White "Tomisek, Petr"]
[Black "Pytlik, Lesek"]
[Result "1/2-1/2"]
[WhiteElo "2186"]
[BlackElo "2382"]
[Annotator "103"]
[PlyCount "136"]
[EventDate "2007.??.??"]
[EventType "corr"]
[EventRounds "1"]
[SourceDate "2007.01.28"]

1. e4 e6 2. Nf3 d5 3. e5 c5 4. b4 cxb4 5. a3 Nh6 6. axb4 Bxb4 7. c3 Be7 8. d4
Nf5 9. Bd3 Bd7 10. Qb3 Bc6 11. O-O Nd7 12. Qc2 g6 13. Ba3 O-O 14. Qe2 a5 15.
Re1 Bxa3 16. Nxa3 Nh4 17. Nxh4 Qxh4 18. Ra2 Qe7 19. Qg4 Rac8 20. Re3 Ba4 21.
Nb5 Nb6 22. h4 Bxb5 23. Bxb5 a4 24. h5 a3 25. Rf3 Kg7 26. Qf4 Ra8 27. Qc1 Nc4
28. Rf6 Ra7 29. Qg5 b6 30. Ba4 Rc8 31. Bc2 Qe8 32. Qg4 Rc6 33. hxg6 fxg6 34.
Qg5 Rcc7 35. Qg4 Re7 36. Kh2 b5 37. Bd3 Nb2 38. Bf1 Ra6 39. Qg3 Nc4 40. Rf4 Rf7
41. Rg4 Nb2 42. Rh4 Kg8 43. Be2 Qe7 44. Rh3 Rc6 45. Qe3 Rb6 46. Qh6 Rb8 47. Bg4
Re8 48. Kg1 Qa7 49. Qc1 Qa4 50. Ra1 Qa5 51. Be2 Ref8 52. Bg4 Re7 53. Qg5 Qa7
54. Qh4 Rff7 55. Rf3 Rxf3 56. Bxf3 Nc4 57. Be2 Re8 58. Ra2 Ra8 59. Bd3 Qf7 60.
Qg5 Kg7 61. Bf1 Qf8 62. Bd3 Ra7 63. Bf1 Rf7 64. Bxc4 bxc4 65. Qc1 Ra7 66. Qa1
h6 67. Qc1 Kf7 68. Qf4+ Kg8 1/2-1/2

[Event "2MCR_3DE_1L_2S"]
[Site "?"]
[Date "2007.??.??"]
[Round "?"]
[White "Nepustil, Frantisek"]
[Black "Prochazka, Dalibor"]
[Result "1/2-1/2"]
[WhiteElo "2335"]
[BlackElo "2200"]
[Annotator "104"]
[PlyCount "114"]
[EventDate "2007.??.??"]
[EventType "corr"]
[EventRounds "1"]
[SourceDate "2007.01.28"]

1. e4 Nf6 2. e5 Nd5 3. c4 Nb6 4. c5 Nd5 5. Nc3 e6 6. d4 d6 7. cxd6 cxd6 8. Nf3
Nc6 9. Nxd5 exd5 10. Bd3 Be7 11. O-O O-O 12. Bf4 f6 13. exf6 Rxf6 14. Bg3 Qb6
15. Re1 Bd7 16. b4 Re8 17. b5 Nb4 18. Bf1 Bxb5 19. Rb1 Bxf1 20. Rxf1 Qa5 21.
Qb3 Na6 22. Rfe1 Nc7 23. Qxb7 Bf8 24. Rxe8 Nxe8 25. Qd7 Nc7 26. Rb8 Qxa2 27.
Rxf8+ Rxf8 28. h4 Ne8 29. Qe6+ Kh8 30. Qe7 Qb1+ 31. Kh2 Qf5 32. Qxa7 h6 33. Qe7
Qf6 34. Qe1 Qg6 35. Qe7 Rf6 36. Qb7 Qe4 37. Qc8 Kh7 38. Ng1 Qe6 39. Qb8 Rf7 40.
Nh3 Rc7 41. f3 Rc4 42. Nf4 Qf7 43. Qb1+ Kg8 44. Qd3 Nf6 45. Ne2 Rc6 46. Qb1 Qe8
47. Nf4 Rc4 48. Bf2 Rc7 49. Qb3 Qc6 50. h5 Qb7 51. Qe3 Re7 52. Qa3 Ne8 53. Bh4
Rf7 54. Qe3 Nc7 55. Ng6 Qb5 56. Ne7+ Kh8 57. Ng6+ Kg8 1/2-1/2

[Event "2MCR_3DE_1L_1S"]
[Site "?"]
[Date "2007.??.??"]
[Round "?"]
[White "Contos, Vaclav"]
[Black "Straka, Zdenek"]
[Result "0-1"]
[WhiteElo "2200"]
[BlackElo "2398"]
[Annotator "102"]
[PlyCount "202"]
[EventDate "2007.??.??"]
[EventType "corr"]
[EventRounds "1"]
[SourceDate "2007.01.28"]

1. c4 e5 2. Nc3 Nf6 3. g3 d5 4. cxd5 Nxd5 5. Bg2 Nb6 6. Nf3 Nc6 7. O-O Be7 8.
d3 O-O 9. Be3 Be6 10. Qc1 Nd5 11. Ng5 Bxg5 12. Bxg5 Qd7 13. Re1 Nd4 14. Ne4 b6
15. Bd2 Bg4 16. f3 Bh3 17. Bh1 f6 18. e3 Nc6 19. a3 Be6 20. Qc2 Nce7 21. b4 c6
22. Rac1 Nc7 23. Nf2 Bd5 24. a4 Rac8 25. Qb2 Bf7 26. Bg2 Ne6 27. Bh3 Qd5 28. f4
exf4 29. gxf4 Qd6 30. Bc3 Nd5 31. Ne4 Qe7 32. f5 Nd8 33. Bd2 c5 34. bxc5 bxc5
35. Bg2 Nb7 36. d4 Rb8 37. Rb1 Nb6 38. Nxc5 Nc4 39. Qxb7 Rxb7 40. Rxb7 Qe8 41.
Bc3 Qc8 42. e4 Ne5 43. Re3 Rd8 44. Rb1 h5 45. Bf1 Bc4 46. Bh3 Qc6 47. Rbe1 Rb8
48. Bg2 Qd6 49. h3 h4 50. Kh1 Bf7 51. Rf1 Bh5 52. Ree1 a5 53. Ne6 Nd3 54. Re3
Qa6 55. Be1 Nxe1 56. Rexe1 Rb2 57. Nf4 Be8 58. Rg1 Qc4 59. e5 Rxg2 60. Rxg2 Qc3
61. Rb1 fxe5 62. Ne6 Qxh3+ 63. Kg1 Qxf5 64. Rb6 g6 65. d5 h3 66. Rf2 h2+ 67.
Rxh2 Qg4+ 68. Rg2 Qd1+ 69. Kh2 Qxd5 70. Rf2 Kh7 71. Nf8+ Kh6 72. Re6 Qd4 73.
Rf3 Qxa4 74. Kg3 e4 75. Re3 Bf7 76. R6xe4 Qd1 77. Ne6 Qg1+ 78. Kf3 g5 79. Re5
g4+ 80. Kf4 Bh5 81. Kf5 Bg6+ 82. Kf6 Qf2+ 83. Ke7 a4 84. Rc3 Qa7+ 85. Rc7 Qa8
86. Rc4 Qe8+ 87. Kd6 Qb8+ 88. Kd5 Qb5+ 89. Kd4 Qb7 90. Kc5 a3 91. Rxg4 Qe7+ 92.
Kd5 a2 93. Re1 Qd7+ 94. Kc5 Qa7+ 95. Kc6 a1=Q 96. Rh4+ Bh5 97. Rxa1 Qxa1 98.
Rf4 Qa3 99. Kd5 Qe7 100. Rf2 Bf7 101. Rh2+ Kg6 0-1

[Event "2MCR_3DE_1L_3S"]
[Site "?"]
[Date "2007.??.??"]
[Round "?"]
[White "Sykora, Josef"]
[Black "Jirku, Jaroslav"]
[Result "1/2-1/2"]
[WhiteElo "2365"]
[BlackElo "2299"]
[Annotator "104"]
[PlyCount "177"]
[EventDate "2007.??.??"]
[EventType "corr"]
[EventRounds "1"]
[SourceDate "2007.01.28"]

1. c4 c5 2. Nf3 Nf6 3. g3 d5 4. cxd5 Nxd5 5. Bg2 Nc6 6. Nc3 Nc7 7. O-O e5 8. d3
Be7 9. Nd2 Bd7 10. Nc4 f6 11. f4 b5 12. Ne3 Rc8 13. a4 b4 14. Nb5 exf4 15. Rxf4
Ne6 16. Nf5 O-O 17. Re4 Kh8 18. Bd2 a6 19. Nbd6 Bxd6 20. Nxd6 Rb8 21. Nc4 Ne7
22. Bf4 Nxf4 23. Rxf4 Be6 24. Rc1 Ng6 25. Rf2 Qc7 26. Qd2 Rfe8 27. Be4 Bf7 28.
Bxg6 Bxg6 29. Qf4 Qd7 30. a5 Rbd8 31. Nb6 Qb5 32. Qc7 Qxa5 33. Qxc5 Qxc5 34.
Rxc5 Kg8 35. Kf1 Re5 36. Rc1 Be8 37. Rc7 Re6 38. Nc4 Kf8 39. b3 Rd5 40. Rf3 Bb5
41. e4 Rd8 42. Ke2 Re7 43. Rc5 h6 44. Rff5 Bxc4 45. Rxc4 Red7 46. Rf3 a5 47. g4
Ke7 48. h4 Ke8 49. Kd2 Ke7 50. Kc2 Ke6 51. Rc6+ Ke7 52. Kd2 a4 53. bxa4 Ra8 54.
g5 hxg5 55. hxg5 fxg5 56. Rg6 Rxa4 57. Rxg7+ Kd8 58. Rf8+ Kc7 59. Rfg8 Ra2+ 60.
Ke3 b3 61. Rxd7+ Kxd7 62. Rxg5 Kc6 63. Rg8 Kb7 64. Rg1 Rh2 65. Rb1 b2 66. d4
Kc6 67. Kd3 Kd6 68. Rg1 Kd7 69. Kc3 Kc6 70. Rb1 Rh4 71. Rxb2 Rxe4 72. Kc4 Rh4
73. Rg2 Rf4 74. Rg6+ Kc7 75. Kc5 Re4 76. Rg7+ Kd8 77. d5 Ra4 78. Rh7 Ra1 79.
Kd4 Re1 80. Ra7 Rd1+ 81. Kc5 Rd2 82. Kd6 Kc8 83. Rf7 Rc2 84. Rf8+ Kb7 85. Kd7
Rh2 86. Rf7 Rh1 87. d6 Rh2 88. Rf4 Rh7+ 89. Ke6 1/2-1/2

[Event "2MCR_3DE_1L_1S"]
[Site "?"]
[Date "2007.??.??"]
[Round "?"]
[White "Svoboda, Frantisek"]
[Black "Toman, Antonin"]
[Result "1-0"]
[WhiteElo "2388"]
[BlackElo "2271"]
[Annotator "103"]
[PlyCount "119"]
[EventDate "2007.??.??"]
[EventType "corr"]
[EventRounds "1"]
[SourceDate "2007.01.28"]

1. c4 Nf6 2. Nc3 e5 3. Nf3 Nc6 4. g3 d5 5. cxd5 Nxd5 6. Bg2 Nb6 7. O-O Be7 8.
a3 O-O 9. b4 Be6 10. Rb1 f6 11. d3 Nd4 12. Bb2 Nxf3+ 13. Bxf3 c6 14. Qc2 Qe8
15. Ne4 Ba2 16. Rbc1 Bd5 17. Bg2 Qh5 18. Nc5 Bxg2 19. Kxg2 Bxc5 20. bxc5 Nd7
21. d4 Rae8 22. Qc4+ Kh8 23. Rb1 Re7 24. dxe5 fxe5 25. f3 Rfe8 26. e4 Nf8 27.
Rbd1 Ne6 28. Rd6 Rf8 29. h4 Qf7 30. Qc1 Nc7 31. Qe3 Kg8 32. Rfd1 h6 33. R6d2
Kh7 34. a4 Na6 35. Qc3 Nc7 36. Rd3 Na6 37. a5 Rb8 38. Ba3 Nc7 39. Qb3 Ne6 40.
Qb4 Qg6 41. Bc1 Rf8 42. Be3 Qf6 43. Rf1 Rd8 44. Rxd8 Nxd8 45. Qb2 Rd7 46. f4
exf4 47. Qxf6 gxf6 48. gxf4 f5 49. Kf3 Ne6 50. exf5 Ng7 51. f6 Nh5 52. Kg4
Nxf6+ 53. Kf5 Ne8 54. Rb1 Rf7+ 55. Ke6 Kg8 56. Bd4 Nc7+ 57. Ke5 Nd5 58. a6 bxa6
59. f5 Kf8 60. Kd6 1-0

[Event "2MCR_3DE_1L_2S"]
[Site "?"]
[Date "2007.??.??"]
[Round "?"]
[White "Mikoska, Josef"]
[Black "Prochazka, Dalibor"]
[Result "1/2-1/2"]
[WhiteElo "2169"]
[BlackElo "2200"]
[Annotator "105"]
[PlyCount "129"]
[EventDate "2007.??.??"]
[EventType "corr"]
[EventRounds "1"]
[SourceDate "2007.01.28"]

1. e4 e5 2. Nf3 Nc6 3. Bb5 Bc5 4. O-O Nd4 5. Nxd4 Bxd4 6. c3 Bb6 7. d4 c6 8.
Bc4 d6 9. Qb3 Qe7 10. Be3 Bc7 11. dxe5 dxe5 12. a4 Nf6 13. f3 O-O 14. Rd1 Ne8
15. a5 g6 16. Nd2 Kh8 17. Be2 f5 18. Bh6 Ng7 19. exf5 gxf5 20. Kh1 Rg8 21. Bc4
Ne6 22. Be3 Rg6 23. Qc2 Ng7 24. Ra4 f4 25. Bg1 Bf5 26. Ne4 Nh5 27. Bf2 Ng3+ 28.
Bxg3 fxg3 29. h3 Bxh3 30. gxh3 g2+ 31. Kh2 Qh4 32. Rb4 Rf8 33. Qe2 Rf5 34. Qf2
Qxe4 35. Be2 Qc2 36. Rg4 Rxf3 37. Rd8+ Bxd8 38. Qxf3 Rxg4 39. hxg4 Kg7 40. Bc4
Bf6 41. Qxg2 Qc1 42. Qf2 e4 43. a6 b6 44. Kg2 e3 45. Qe2 b5 46. Bd3 h6 47. Kf3
Bg5 48. Qh2 Qd1+ 49. Qe2 Qb3 50. Qh2 Qd1+ 51. Qe2 Qb3 52. Qh2 Qd5+ 53. Ke2 c5
54. Qc7+ Kf6 55. Qb7 Qd6 56. Qf3+ Bf4 57. b3 c4 58. bxc4 bxc4 59. Bxc4 Qd2+ 60.
Kf1 Kg5 61. Be2 Qxc3 62. Kg2 Qd4 63. Kh3 Qd7 64. Qa8 Be5 65. Qe4 1/2-1/2

[Event "2MCR_3DE_1L_3S"]
[Site "?"]
[Date "2007.??.??"]
[Round "?"]
[White "Jirku, Jaroslav"]
[Black "Cakl, Zdenek"]
[Result "1/2-1/2"]
[WhiteElo "2299"]
[BlackElo "2137"]
[Annotator "105"]
[PlyCount "147"]
[EventDate "2007.??.??"]
[EventType "corr"]
[EventRounds "1"]
[SourceDate "2007.01.28"]

1. e4 c5 2. Nf3 Nc6 3. d4 cxd4 4. Nxd4 d6 5. c4 Nf6 6. Nc3 g6 7. Be2 Nxd4 8.
Qxd4 Bg7 9. Bg5 O-O 10. Qd2 Be6 11. O-O Qa5 12. Rad1 Rac8 13. b3 Kh8 14. f3 Bd7
15. Be3 a6 16. Bd4 Bc6 17. Rb1 Nh5 18. b4 Bxd4+ 19. Qxd4+ Qe5 20. Qxe5+ dxe5
21. g3 Ng7 22. Nd5 Bxd5 23. exd5 Nf5 24. Kf2 Nd4 25. Bd3 Rfd8 26. Rfe1 f6 27.
f4 e6 28. dxe6 Nxe6 29. Rbd1 Nd4 30. fxe5 fxe5 31. a3 Re8 32. Kg2 Rcd8 33. Be4
Re7 34. c5 Kg7 35. Re3 Rdd7 36. Red3 Re6 37. Rc1 Rf6 38. Rf1 Re6 39. Re1 Rf6
40. h4 h5 41. Rf1 Rxf1 42. Kxf1 Re7 43. Kf2 Kf6 44. Rd1 Rf7 45. Ke3 Rd7 46. Rd3
Nc2+ 47. Kd2 Nd4 48. Kc3 Rc7 49. Rd2 b6 50. Kc4 b5+ 51. Kd3 Rd7 52. Rf2+ Nf5+
53. Kc3 Re7 54. Rf3 Rd7 55. Rd3 Nd4 56. Rd2 Re7 57. Rf2+ Nf5 58. Kd2 Ke6 59.
Rf3 Kf6 60. Ke2 Ra7 61. Kf2 Rd7 62. Rd3 Nd4 63. Kg2 Rg7 64. Kh3 g5 65. hxg5+
Kxg5 66. Rc3 Kf6 67. c6 Rc7 68. Kh4 Nf5+ 69. Kxh5 Nd6 70. Bd5 e4 71. Kg4 Ke5
72. Rc5 Nc8 73. Ba2+ Kd4 74. Be6 1/2-1/2

[Event "2MCR_3DE_1L_1S"]
[Site "?"]
[Date "2007.??.??"]
[Round "?"]
[White "Hybl, Vladislav"]
[Black "Soucha, Stepan"]
[Result "0-1"]
[WhiteElo "2303"]
[BlackElo "2353"]
[Annotator "104"]
[PlyCount "136"]
[EventDate "2007.??.??"]
[EventType "corr"]
[EventRounds "1"]
[SourceDate "2007.01.28"]

1. e4 e5 2. Nf3 Nc6 3. Bb5 a6 4. Ba4 Nf6 5. O-O Be7 6. Re1 b5 7. Bb3 O-O 8. h3
Bb7 9. d3 d6 10. a3 Na5 11. Ba2 c5 12. Nc3 Nc6 13. Nd5 Nxd5 14. Bxd5 Qc7 15. c3
Nb8 16. Bxb7 Qxb7 17. d4 Nd7 18. dxe5 dxe5 19. c4 bxc4 20. Qe2 Rfd8 21. Qxc4
Rab8 22. Rb1 Qb5 23. Qc2 f6 24. Be3 Nf8 25. Nd2 Ne6 26. Qc4 Qxc4 27. Nxc4 Kf7
28. f3 Nd4 29. Kf2 Ke6 30. Rec1 g6 31. Rc3 Rb5 32. Rd1 a5 33. Bc1 a4 34. Ne3 f5
35. Nd5 Rxd5 36. exd5+ Kxd5 37. g3 h5 38. h4 Rb7 39. Kg2 Bf6 40. Rc2 Bg7 41.
Kh3 e4 42. Rc3 Rb8 43. fxe4+ fxe4 44. Kg2 Kc6 45. Re3 Re8 46. Rf1 Nf5 47. Re2
Re6 48. Bf4 Kd5 49. Rfe1 Bd4 50. Kh3 e3 51. g4 hxg4+ 52. Kxg4 Ke4 53. Rd1 Rf6
54. Bg5 Rf7 55. Rdd2 Ng7 56. Re1 Rf3 57. Rg2 c4 58. Rc2 Nf5 59. Rg1 Rf2 60.
Rxc4 e2 61. Rc2 Rh2 62. Rc4 Rg2+ 63. Rxg2 e1=Q 64. Rc1 Ne3+ 65. Bxe3 Qxe3 66.
Rf1 Kd5 67. Rf4 Qe6+ 68. Kf3 Qh3+ 0-1

[Event "2MCR_3DE_1L_1S"]
[Site "?"]
[Date "2007.??.??"]
[Round "?"]
[White "Contos, Vaclav"]
[Black "Zahour, Jiri"]
[Result "1-0"]
[WhiteElo "2200"]
[BlackElo "2307"]
[Annotator "105"]
[PlyCount "181"]
[EventDate "2007.??.??"]
[EventType "corr"]
[EventRounds "1"]
[SourceDate "2007.01.28"]

1. c4 Nf6 2. Nc3 e6 3. e4 d5 4. e5 d4 5. exf6 dxc3 6. bxc3 Qxf6 7. d4 e5 8. Nf3
exd4 9. Bg5 Qe6+ 10. Be2 Be7 11. Bxe7 Qxe7 12. cxd4 Nc6 13. O-O O-O 14. d5 Ne5
15. Nxe5 Qxe5 16. c5 Bf5 17. Re1 Qf6 18. Bf3 Rae8 19. Rc1 g6 20. Rxe8 Rxe8 21.
Qa4 Kf8 22. h3 Bxh3 23. c6 b5 24. Qxb5 Qf4 25. Rf1 Bc8 26. Qc5+ Kg7 27. Qxa7 g5
28. Qa3 g4 29. Bd1 h5 30. Qd3 h4 31. Bc2 Kf8 32. a4 h3 33. Qa3+ Kg7 34. Qc3+
Qf6 35. Qxf6+ Kxf6 36. Bd3 Rd8 37. Bc4 Bf5 38. a5 Ke5 39. gxh3 gxh3 40. Kh2 Ra8
41. a6 Be4 42. Ra1 Kd4 43. Bb3 Kc3 44. Ra4 Bd3 45. Ba2 Bb5 46. Rf4 Rxa6 47. Bb1
Bc4 48. Be4 f5 49. Rxf5 Kd4 50. Bf3 Ra8 51. Kxh3 Rh8+ 52. Kg4 Rg8+ 53. Kh4 Rg7
54. Rg5 Rf7 55. Kg3 Bb3 56. Rg4+ Kc5 57. Be4 Rf8 58. Rg5 Rd8 59. f4 Re8 60. Bf3
Re7 61. Kg4 Bc2 62. f5 Rf7 63. Kf4 Rf8 64. Bh1 Bb1 65. Rh5 Kd4 66. Bf3 Kc5 67.
Ke5 Re8+ 68. Kf6 Re3 69. Bh1 Re1 70. Kg5 Rf1 71. f6 Kd6 72. Rh8 Kc5 73. Rh6 Kd4
74. Bg2 Rf5+ 75. Kg6 Rxd5+ 76. Kf7 Re5 77. Rh4+ Kc5 78. Rf4 Ba2+ 79. Kf8 Re2
80. Bf3 Re3 81. Kg7 Kb6 82. f7 Bxf7 83. Kxf7 Re5 84. Kf6 Re8 85. Rf5 Re3 86.
Bd5 Re8 87. Re5 Rf8+ 88. Ke7 Rh8 89. Be4 Rg8 90. Re6 Rg7+ 91. Kf6 1-0